| 000 | 01155nam0a22002531 4500 | ||
|---|---|---|---|
| 001 | rc\4440873 | ||
| 005 | 20260406200303.0 | ||
| 021 |
_aRU _b[59-6308] |
||
| 035 | _a(NLR Aleph) 008581554 | ||
| 090 |
_a8588333 _c8588333 |
||
| 100 | _a20130416d1958 |||y0rusy50 ca | ||
| 101 | 0 | _arus | |
| 102 | _aRU | ||
| 105 | _aa c ||||| | ||
| 200 | 1 |
_aИнструктивное указание по обучению письму в 1-4 классах с применением на партах ориентирной линии методиста Соболева _eДля опытной проверки _fТул. обл. отд. нар. образования. Тул. обл. ин-т усовершенствования учителей |
|
| 210 |
_aТула _cБ. и. _d1958 |
||
| 215 |
_aОбл., 4 с. _cчерт. _d20 |
||
| 606 |
_aПисьмо _xМетодика обучения _2psbo |
||
| 712 | 0 | 2 |
_aТульский областной институт усовершенствования учителей _3RU\NLR\AUTH\889959768 _9415742 |
| 801 | 0 |
_aRU _bNLR _gpsbo |
|
| 801 | 1 |
_aRU _bELAR _2rusmarc |
|
| 852 |
_aNLR _j59-4/3059 |
||
| 942 | _cBOOK | ||
| 980 | _aNB | ||